Kedjadian; (Record no. 87759)
[ view plain ]
| 000 -LEADER | |
|---|---|
| fixed length control field | 00831cam a22002531 4500 |
| 001 - CONTROL NUMBER | |
| control field | sa 68017506 |
| 003 - CONTROL NUMBER IDENTIFIER | |
| control field | DLC |
| 005 - DATE AND TIME OF LATEST TRANSACTION | |
| control field | 20260227112703.0 |
| 008 - FIXED-LENGTH DATA ELEMENTS--GENERAL INFORMATION | |
| fixed length control field | 790212m19641968io a 000 0 ind |
| 010 ## - LIBRARY OF CONGRESS CONTROL NUMBER | |
| LC control number | sa 68017506 |
| 035 ## - SYSTEM CONTROL NUMBER | |
| System control number | (OCoLC)4643841 |
| 040 ## - CATALOGING SOURCE | |
| Original cataloging agency | DLC |
| Transcribing agency | OAU |
| Modifying agency | OCoLC |
| -- | DLC |
| 042 ## - AUTHENTICATION CODE | |
| Authentication code | premarc |
| 050 00 - LIBRARY OF CONGRESS CALL NUMBER | |
| Classification number | BS1235.3 |
| Item number | .L43 |
| 100 1# - MAIN ENTRY--PERSONAL NAME | |
| Personal name | Lempp, Walter. |
| 245 10 - TITLE STATEMENT | |
| Title | Kedjadian; |
| Remainder of title | tafsiran Alkitab. |
| 260 ## - PUBLICATION, DISTRIBUTION, ETC. | |
| Place of publication, distribution, etc. | Djakarta, |
| Name of publisher, distributor, etc. | Badan Penerbit Kristen |
| Date of publication, distribution, etc. | [1964-68] |
| 300 ## - PHYSICAL DESCRIPTION | |
| Extent | 2 v. |
| Other physical details | illus., maps. |
| Dimensions | 19-21 cm. |
| 500 ## - GENERAL NOTE | |
| General note | Commentary, with text, on part of Genesis. |
| 504 ## - BIBLIOGRAPHY, ETC. NOTE | |
| Bibliography, etc. note | Includes bibliographical references. |
| 505 0# - FORMATTED CONTENTS NOTE | |
| Formatted contents note | djil. 1. Kedjadian v:1-4:26. --djil. 2. Kedjadian 5:1-12:3. |
| 630 00 - SUBJECT ADDED ENTRY--UNIFORM TITLE | |
| Uniform title | Bible. |
| Name of part/section of a work | Genesis, I-XII |
| General subdivision | Commentaries. |
| 730 0# - ADDED ENTRY--UNIFORM TITLE | |
| Uniform title | Bible. |
| Name of part/section of a work | Genesis, I, I-XII, 3. |
| Language of a work | Indonesian. |
| Version | Lempp. |
| Date of a work | 1964. |
No items available.